Statistics for World Countries by 10 Category Elimination #3

Click here to take the quiz!

General Stats

  • This quiz has been taken 20,934 times
    (18,928 since last reset)
  • The average score is 9 of 10

Answer Stats

CategoryCountry% Correct
Has at least one border
100%
Does not contain a "P"
100%
Is alphabetically before Samoa
99%
Is not located in Asia
99%
Has repeated letters in its name
98%
Has a capital ending in a vowel
93%
Is not landlocked
88%
Has land that is west of Iceland
83%
Has a land border with Panama
78%
Its name is two words long
74%

Score Distribution

Percentile by Number Answered

Percent of People with Each Score

Your Score History

You have not taken this quiz since the last reset